Yksikirjaimiset alkuaineiden kemialliset merkit - Äkkikuolema - Statistics

Yleistilastot
  • Tätä visaa on pelattu 1 263 kertaa
  • Keskiarvotulos 8 / 14
Answers on the Grid
Answers color-coded by a green-red scale on the quiz's grid according to % correct below.
A
B
C
D
E
F
G
H
I
J
K
L
M
N
O
P
Q
R
S
T
U
V
W
X
Y
Z
Å
Ä
Ö
 
Vastaustilastot
Vastaus % Oikein
Hiili C
78%
Vety H
72%
Happi O
71%
Rikki S
65%
Jodi I
61%
Kalium K
61%
Typpi N
59%
Boori B
55%
Fluori F
55%
Fosfori P
55%
Uraani U
46%
Vanadiini V
29%
Wolfram W
25%
Yttrium Y
21%
Ehtoja vastaavia visoja ei löytynyt
Tulosjakauma
Jokaisen tuloksen saaneiden osuus
Persentiili vastausten määrän mukaan
Tuloshistoriasi
Et ole pelannut tätä visaa